000 00923nam a22002897a 4500
003 BUBTL
008 130507b xxu||||| |||| 00| 0 eng d
020 _a81-7808-559-3
024 _cAvailable
037 _cAvailable
040 _aMBSTU LIBRARY
_dMBSTU LIBRARY
082 _222
_a621.3815/ T561d/ 2004
100 _aTocci, Ronald J.
_95904
110 _aNeal S. Widmer.
_94666
245 _aDigital system: principles and applications/
_cRonald J. Tocci, Neal S. Widmer, Gregory L. Moss,
250 _a9th ed.
260 _aSingapore:
_bPearson Education,
_cc2004
270 _aSingapore
_bSingapore
_dSingapore
300 _a24 cm.
_b881 page
_f6
_g24 cm.
365 _b502.00
_d502.00
650 0 _94295
_aElectrical and Electronic Engineering
700 _aWidmer, Neal S.
_95902
700 _a Moss, Gregory L.
_95903
856 _k0
_l0
_yDownload
942 _2ddc
_cBK
999 _c324
_d324